Tilastot visalle 100 metrin nopeimmat juoksijat.

Klikkaa tästä pelataksesi tätä visaa!

Yleistilastot

  • Tätä visaa on pelattu 31 kertaa
  • Keskiarvotulos 4 / 14

Vastaustilastot

AikaVastaus% Oikein
9,58sUsain Bolt
100%
9,69sTyson Gay
57%
9,69sYohan Blake
53%
9,72sAsafa Powell
50%
9,74sJustlin Gatlin
43%
9,79sMaurice Greene
33%
9,78sNesta Carter
23%
9,76sChristian Coleman
17%
9,80sLamont Marcell Jacobs
10%
9,76sFred Kerley
7%
9,82sRichard Thompson
7%
9,76sTrayvon Bromell
3%
9,77sFerdinand Omanyala
0%
9,80sSteve Mullings
0%

Tulosjakauma

Persentiili vastausten määrän mukaan

Jokaisen tuloksen saaneiden osuus

Tuloshistoriasi

Et ole pelannut tätä visaa